000 01362cam a2200325 i 4500
001 49655
003 Mx-PuUPA
005 20241023124313.0
008 140415s2008 mx a fr 001 0 spa d
020 _a9789682483882
040 _aMx-PuUPA
_bspa
_cMx-PuUPA
_dMx-PuUPA
_erda
041 0 _aspa
100 1 _aPérez Alamá, Vicente,
_eautor
_916351
245 1 0 _aDiseño y cálculo de estructuras de concreto reforzado :
_bpor resistencia máxima y servicio /
_cArq. Vicente Pérez Alamá
250 _aSegunda edición
264 1 _aMéxico, D.F. :
_bEditorial Trillas,
_c2008
300 _a310 páginas :
_bilustraciones ;
_c27 cm
336 _2rdacontent
_atexto
_btxt
337 _2rdamedia
_asin medio
_bn
338 _2rdacarrier
_avolumen
_bnc
650 7 _913986
_2armarc
_aArquitectura
_xDiseños y planos
650 7 _2armarc
_aConcreto preesforzado
_xConstrucciones
650 7 _2armarc
_aEstructuras
_xTeorías de las
942 _2ddc
_cLI
_h721.044554
_iP42
999 _c49655
_d49655